00593nam a22001697a 450000500170000000800410001702000180005804000130007608200190008910000270010824501700013526000470030530000100035265000210036265000190038365000210040220211204114604.0211204b ||||| |||| 00| 0 eng d a9780344965647 cPK-LaUMT a581.659bBER-P aBernhard-Smith, Arthur aPoisonous plants of all countries. with the active, chemical principles which they contain; and the toxic symptoms produced by each group /cby Arthur Bernhard-Smith aLondon :bBristol John Wright & Co.,c1905 a88 p. aPoisonous plants aHarmful plants aInjurious plants